| 000 | 01026cac a22002531u 4500 | ||
|---|---|---|---|
| 008 | 081117t1993 nyu||||| |||| 001 0 eng d | ||
| 010 | _a92011962 | ||
| 020 | _a0070176973 | ||
| 020 | _a9780070176973 | ||
| 082 | 0 | 0 |
_a650.01513 _bDOW _222 |
| 100 |
_aDowling, Edward Thomas _933482 |
||
| 245 | 1 | 0 |
_aSchaum's outline of theory and problems of mathematical methods for business and economics / _cEdward T.Dowling. |
| 260 |
_aNew York : _bMcGraw-Hill, _c1993. |
||
| 300 |
_aix, 384 p. : _bill. ; _c28 cm. |
||
| 490 | 0 | _aSchaum's outline series | |
| 500 | _aIncludes index. | ||
| 650 | 0 |
_aBusiness mathematics. _933483 |
|
| 650 | 0 |
_aBusiness mathematics _xProblems, exercises, etc. _933484 |
|
| 650 | 0 |
_aEconomics, Mathematical. _933485 |
|
| 650 | 0 |
_aEconomics, Mathematical _xProblems, exercises, etc. _91253 |
|
| 856 | 4 | 2 |
_3Publisher description _uhttp://www.loc.gov/catdir/description/mh022/92011962.html |
| 856 | 4 | 2 |
_3Table of contents _uhttp://www.loc.gov/catdir/toc/mh021/92011962.html |
| 942 |
_cBB _k650.01513DOW _2ddc |
||
| 999 |
_c1231 _d1231 |
||